Prozessmodelle Fur Einzelhandel, Grosshandel und E-Commerce : Erweiterung Eines Referenzmodells Fur Handelsinformationssysteme /

Bibliographic Details
Main Author: Puster, Johannes, (Author)
Format: eBook
Language:German
Published: Berlin : Logos Verlag, 2016.
Subjects:
Online Access:Click to View
LEADER 01580nam a2200361 i 4500
001 EBC5247176
003 MiAaPQ
005 20200520144314.0
006 m o d |
007 cr cnu||||||||
008 180807s2016 gw o 000 0 ger d
020 |z 9783832541712 
020 |a 9783832594039 (e-book) 
035 |a (MiAaPQ)EBC5247176 
035 |a (Au-PeEL)EBL5247176 
035 |a (OCoLC)1021810425 
040 |a MiAaPQ  |b eng  |e rda  |e pn  |c MiAaPQ  |d MiAaPQ 
050 4 |a R858  |b .P878 2016 
082 0 |a 362  |2 23 
100 1 |a Puster, Johannes,  |e author. 
245 1 0 |a Prozessmodelle Fur Einzelhandel, Grosshandel und E-Commerce :  |b Erweiterung Eines Referenzmodells Fur Handelsinformationssysteme /  |c Johannes Puster. 
264 1 |a Berlin :  |b Logos Verlag,  |c 2016. 
300 |a 1 online resource (332 pages) 
336 |a text  |b txt  |2 rdacontent 
337 |a computer  |b c  |2 rdamedia 
338 |a online resource  |b cr  |2 rdacarrier 
588 |a Description based on print version record. 
590 |a Electronic reproduction. Ann Arbor, MI : ProQuest, 2018. Available via World Wide Web. Access may be limited to ProQuest affiliated libraries. 
650 0 |a Information systems. 
655 4 |a Electronic books. 
776 0 8 |i Print version:  |a Puster, Johannes.  |t Prozessmodelle Fur Einzelhandel, Grosshandel und E-Commerce : Erweiterung Eines Referenzmodells Fur Handelsinformationssysteme.  |d Berlin : Logos Verlag, 2016   |h 332 pages   |z 9783832541712 
797 2 |a ProQuest (Firm) 
856 4 0 |u https://ebookcentral.proquest.com/lib/matrademy/detail.action?docID=5247176  |z Click to View